书目信息 |
| 题名: |
建筑门窗手册
|
|
| 作者: | 王寿华 主编 | |
| 分册: | ||
| 出版信息: | 北京 中国建筑工业出版社 2002.11 |
|
| 页数: | 852页 | |
| 开本: | 26cm | |
| 丛书名: | 建筑装饰装修技术系列手册 | |
| 单 册: | ||
| 中图分类: | TU228-62 | |
| 科图分类: | ||
| 主题词: | 建筑构造--结构设计 | |
| 电子资源: | ||
| ISBN: | 7-112-05176-2 | |
| 000 | 00660nam0 2200217 450 | |
| 001 | 0433686117 | |
| 005 | 20040909092126.10 | |
| 010 | @a7-112-05176-2@dCNY 81.00 | |
| 100 | @a20040909d2002 km y0chiy0120 ea | |
| 101 | 0 | @achi |
| 102 | @aCN@b110000 | |
| 200 | 1 | @a建筑门窗手册@Ajian zhu men chuang shou ce@f王寿华主编@Fwang shou hua zhu bian |
| 210 | @a北京@c中国建筑工业出版社@d2002.11 | |
| 215 | @a852页@d26cm | |
| 225 | 2 | @a建筑装饰装修技术系列手册 |
| 410 | 0 | @12001 @a建筑装饰装修技术系列手册 |
| 606 | 0 | @a建筑构造@x结构设计 |
| 690 | @aTU228-62@v3 | |
| 701 | 0 | @a王寿华@Awang shou hua@4主编 |
| 801 | 0 | @aCN@bPFT@c20040909 |
| 905 | @a10447@dTU228-62@eW340 | |
| 建筑门窗手册/王寿华主编.-北京:中国建筑工业出版社,2002.11 |
| 852页;26cm.-(建筑装饰装修技术系列手册) |
| ISBN 7-112-05176-2:CNY 81.00 |
| ● |
| 相关链接 |
|
|
|
正题名:建筑门窗手册
索取号:TU228-62/W340
 
预约/预借
| 序号 | 登录号 | 条形码 | 馆藏地/架位号 | 状态 | 备注 |
| 1 | 391716 | 203917164 | 建筑库101/101建筑库 53排6列5层/ [索取号:TU228-62/W340] | 在馆 | |
| 2 | 391717 | 203917173 | 建筑库101/101建筑库 47排5列3层/ [索取号:TU228-62/W340] | 在馆 |